[Event "Autumn Open"]
[Site "St Petersburg RUS"]
[Date "2005.11.06"]
[Round "9"]
[White "Kharlamov,I2"]
[Black "Butuc,M"]
[Result "0-1"]
[WhiteElo "1942"]
[BlackElo "2092"]

1.Nf3 d5 2.g3 Nf6 3.Bg2 Nbd7 4.d4 e6 5.O-O c5 6.c4 dxc4 7.Qa4 Bd6 8.Nc3 O-O
9.Qxc4 Qe7 10.e4 cxd4 11.Nxd4 Nb6 12.Qe2 e5 13.Nc2 Be6 14.Rd1 Rfd8 15.Bg5 h6
16.Bxf6 Qxf6 17.Ne3 Bc5 18.Ned5 Nxd5 19.exd5 Bf5 20.Rac1 Rac8 21.Be4 Bh3
22.Bf3 Bf5 23.Ne4 Bxe4 24.Bxe4 Bd4 25.Rc2 Rc5 26.Rdc1 Rdc8 27.Rxc5 Rxc5 28.Rxc5 Bxc5
29.Qc2 Qb6 30.Kg2 g6 31.g4 Kg7 32.h4 Bd4 33.g5 hxg5 34.hxg5 Bxb2 35.Qb3 Qxb3
36.axb3 Bc1 37.d6 b6 38.Kf3 Bxg5 39.Bb7 f5 40.Ke2 e4 41.Bc6 Kf7 42.Bd5+ Kf6
43.b4 a5 44.bxa5 bxa5 45.Bc6 Ke6 46.Be8 Kxd6 47.Bxg6 Ke5 48.Be8 Kd4 49.Bd7 f4
50.Bc6 f3+ 51.Kf1 Ke5 52.Ba4 Kf4 53.Bc6 e3 54.fxe3+ Kxe3 55.Bb5 f2 56.Bc6 Be7
57.Bb5 Bc5 58.Bc6 Kd2 59.Bd7 Kc3 60.Ke2 Kb4 61.Bh3 a4 62.Kd1 Kb3 63.Kc1 a3
64.Be6+ Kc3  0-1

[Event "WJun Girls"]
[Site "Instanbul TUR"]
[Date "2005.11.10"]
[Round "2"]
[White "Karavade,E"]
[Black "Ciobanu,C"]
[Result "0-1"]
[WhiteElo "2348"]
[BlackElo "2262"]

1.Nf3 d5 2.g3 Nf6 3.Bg2 Bg4 4.O-O Nbd7 5.d3 e5 6.Nbd2 Bc5 7.e4 dxe4 8.dxe4 O-O
9.h3 Bh5 10.Qe1 Qe7 11.Nh4 Bg6 12.a4 c6 13.Nc4 Qe6 14.Qe2 b5 15.axb5 cxb5
16.Nxg6 hxg6 17.Ne3 Rab8 18.Rd1 Bxe3 19.Bxe3 a6 20.Bd2 Rfc8 21.Bb4 Rb6 22.c3 Rbc6
23.f3 Nc5 24.h4 Nb3 25.Ra3 Qc4 26.Qf2 Ra8 27.Bf1 Qe6 28.Kh2 Re8 29.Bh3 Qc4
30.Bf1 Qe6 31.Qe3 Kh7 32.Bd3 Nd7 33.Bb1 Nbc5 34.Ba2 Qf6 35.Kg2 Rc7 36.Qg5 Rc6
37.Bd5 Rd6 38.Raa1 Rc8 39.Bxf7 Rxd1 40.Rxd1 Qxf7 41.Rd6 a5 42.Ba3 Ne6 43.Qg4 Nef8
44.Rd2 b4 45.cxb4 axb4 46.Bxb4 Rc1 47.Bc3 Nf6 48.Qc8 Qa7 49.Bd4 Qa1 50.Bc5 N8d7
51.h5 Nxc5 52.hxg6+ Kxg6 53.Qf5+ Kf7  0-1

[Event "zt 2.5"]
[Site "Las Condes CHI"]
[Date "2005.11.11"]
[Round "8"]
[White "Flores,Ma"]
[Black "Bartucevic,D"]
[Result "1/2-1/2"]
[WhiteElo "2091"]
[BlackElo "2053"]

1.Nf3 d5 2.g3 Nf6 3.Bg2 Nbd7 4.O-O e5 5.d3 Bd6 6.Nbd2 O-O 7.e4 c6 8.Re1 Re8
9.c3 dxe4 10.dxe4 Qc7 11.a4 a5 12.Nc4 Bf8 13.Qc2 b5 14.Ncd2 Nc5 15.axb5 cxb5
16.Nb3 Ne6 17.Qe2 a4 18.Nbd2 Nc5 19.b4 Nb7 20.Bb2 Nd6 21.Rec1 Ba6 22.Ne1 Nd7
23.Nc2 Nb6 24.Ne3 Rac8 25.h4 g6 26.Bh3 Ra8 27.h5 Bh6 28.Ng4 Bg7 29.h6 Bh8
30.Qf3 Nd7 31.Ne3 Nb6 32.Bf1 Bc8 33.c4 bxc4 34.Ndxc4 Ndxc4 35.Bxc4 Nxc4 36.Rxc4 Qd6
37.Rd1 Qf6 38.Qg2 Be6 39.Rc5 Qg5 40.Nd5 a3 41.Ba1 Rec8 42.f4 exf4 43.Nf6+ Qxf6
44.Bxf6 Bxf6 45.e5 Be7 46.Rxc8+ Rxc8 47.Qb7 Bf8 48.gxf4 a2 49.Ra1 Bxh6 50.Rxa2 Rc1+
51.Kg2 Bxa2 52.Qa8+ Kg7 53.Qxa2 Bxf4 54.Qb2 Kh6 55.b5 Re1 56.Qf2 Re4 57.Qh4+ Kg7
58.Qf6+ Kh6 59.Qh4+ Kg7 60.Qf6+ Kh6 61.Qxf7 Bxe5 62.b6 Rf4 63.Qd7 Rf5 64.Qd8 Bf4
65.Qh4+ Kg7 66.Qe7+ Kh6 67.Kh3 Be5 68.Qd7 Bf4 69.Kg4 Be5 70.Qd2+ Kg7 71.Qe3 h5+
72.Kh3 Bf4 73.Qd4+ Be5 74.Qd7+ Rf7 75.Qe8 Bf4 76.Kg2 g5 77.Qe2 Rf6 78.b7 Kg6
79.Qd3+ Kg7 80.Qd7+ Rf7 81.Qd4+ Rf6 82.Qxf4 Rxf4 83.b8=Q h4 84.Qd6 Rf6 85.Qe7+ Kg6
86.Qe8+ Kh6 87.Qh8+ Kg6 88.Qg8+ Kh6 89.Kh3 Rf4 90.Kg2 Rf6 91.Qe8 Rf4 92.Qe6+ Kh5
93.Qe2+ Kg6 94.Qd2 Kh5 95.Qc2 Kh6 96.Qb1 Rf6 97.Qb2 Kg6 98.Qe5 Rf4 99.Qh8 Rf6
100.Qe8+ Kh6 101.Qe5 Kg6 102.Qd5 Rf4 103.Qb3 Rf6 104.Qb4 Rf4 105.Qb8 Rf6
106.Qe8+  1/2-1/2

[Event "4NCL 2006-07"]
[Site "Coventry ENG"]
[Date "2005.11.12"]
[Round "4"]
[White "Martin,AD"]
[Black "Rudd,J"]
[Result "0-1"]
[WhiteElo "2433"]
[BlackElo "2328"]

1.Nf3 d5 2.g3 c5 3.Bg2 Nc6 4.d4 Nf6 5.O-O Bf5 6.c4 e6 7.cxd5 exd5 8.Nc3 Be7
9.Bg5 c4 10.Ne5 O-O 11.e3 h6 12.Bxf6 Bxf6 13.Qf3 g6 14.Rfd1 Nxe5 15.dxe5 Bxe5
16.Rxd5 Qf6 17.Rc1 Rac8 18.Rb5 b6 19.Nd5 Qd6 20.Rd1 Rfd8 21.Nc3 Qe6 22.Rbd5 Re8
23.R1d2 Bg7 24.h4 Bd3 25.Qd1 a6 26.Ne2 Be5 27.Nc1 Bf5 28.e4 Bg4 29.Rxe5 Bxd1
30.Rxe6 fxe6 31.Rxd1 Red8 32.Re1 Rd2 33.Bh3 Kf7 34.Ne2 Rxb2 35.Nf4 Rc6 36.a4 g5
37.hxg5 hxg5 38.Ne2 c3 39.Nd4 c2 40.Nxc6 Rb1 41.Ne5+ Kg7  0-1

[Event "WJun Girls"]
[Site "Instanbul TUR"]
[Date "2005.11.13"]
[Round "5"]
[White "Umudova,N"]
[Black "Brekke,J"]
[Result "1-0"]
[WhiteElo "2101"]
[BlackElo "1972"]

1.Nf3 d5 2.g3 Nf6 3.Bg2 g6 4.O-O Bg7 5.d3 O-O 6.Nbd2 c5 7.e4 dxe4 8.dxe4 Nc6
9.c3 e5 10.Qe2 Qc7 11.a4 b6 12.Rd1 Rd8 13.Ne1 a5 14.Nc4 Ba6 15.Rxd8+ Rxd8
16.Bg5 h6 17.Bxf6 Bxf6 18.Nc2 Bg5 19.N2a3 Na7 20.h4 Bf6 21.Qf3 Bg7 22.Ne3 Qc6
23.Nac4 Nc8 24.h5 Qe6 25.Bf1 Bb7 26.hxg6 fxg6 27.Nxa5 Qe7 28.Nxb7 Qxb7 29.Bc4+ Kh7
30.Bd5 Qc7 31.Kg2 Rf8 32.Qe2 h5 33.Rh1 Qe7 34.Nc4 Bf6  1-0

[Event "WJun Girls"]
[Site "Instanbul TUR"]
[Date "2005.11.14"]
[Round "6"]
[White "Umudova,N"]
[Black "Bulmaga,I"]
[Result "1/2-1/2"]
[WhiteElo "2101"]
[BlackElo "2122"]

1.Nf3 d5 2.g3 Bg4 3.Bg2 Nd7 4.O-O e6 5.d3 Bd6 6.Nbd2 c6 7.b3 Ngf6 8.Bb2 O-O
9.c4 Qe7 10.Qc2 Ba3 11.Bxa3 Qxa3 12.Rfe1 a5 13.e4 dxe4 14.dxe4 e5 15.Rac1 Bxf3
16.Nxf3 a4 17.Bh3 Rfe8 18.Bxd7 Nxd7 19.Kg2 Nc5 20.Rb1 axb3 21.axb3 Qb4 22.Red1 f6
23.Ne1 Ne6 24.Qb2 Red8 25.Nc2 Qc5 26.Qc3 b5 27.Ra1 Rab8 28.Rxd8+ Rxd8 29.Ra6 Ng5
30.Qa5 Rd7 31.Qb4 Qxb4 32.Nxb4 bxc4 33.bxc4 c5 34.Nd5 Nxe4 35.Rc6 Ra7 36.f4 exf4
37.Nxf4 Ra2+ 38.Kg1 Rc2 39.Rc8+ Kf7 40.Rc7+ Kg8 41.Rc8+ Kf7  1/2-1/2

[Event "Open"]
[Site "Lugano SUI"]
[Date "2005.11.18"]
[Round "2"]
[White "Weindl,A"]
[Black "Ludin,H"]
[Result "1-0"]
[WhiteElo "2352"]
[BlackElo "2107"]

1.Nf3 d5 2.g3 g6 3.Bg2 Bg7 4.O-O e5 5.d3 Ne7 6.e4 dxe4 7.dxe4 O-O 8.b3 c6
9.Ba3 Qxd1 10.Rxd1 Bf6 11.Nbd2 Be6 12.Bf1 b5 13.Ne1 Re8 14.Nd3 Nd7 15.Nc5 Nxc5
16.Bxc5 g5 17.Be2 Kg7 18.Nf1 Kg6 19.Ne3 a6 20.Bg4 Bxg4 21.Nxg4 Ng8 22.Rd6 Rac8
23.Rad1 Kg7 24.Rd7 h5 25.Ne3 Nh6 26.h3 Kg8 27.Ra7 Red8 28.Rxd8+ Bxd8 29.Rxa6 Kg7
30.a4 bxa4 31.bxa4 Ng8 32.Nf5+ Kh7 33.Ra7 Bc7 34.a5 Kg6 35.a6  1-0

[Event "WJun Girls"]
[Site "Instanbul TUR"]
[Date "2005.11.19"]
[Round "10"]
[White "Umudova,N"]
[Black "Ciobanu,C"]
[Result "1-0"]
[WhiteElo "2101"]
[BlackElo "2262"]

1.Nf3 d5 2.g3 Bg4 3.Bg2 Nd7 4.O-O c6 5.d3 Ngf6 6.Nbd2 e5 7.h3 Bh5 8.Qe1 Bc5
9.e4 dxe4 10.dxe4 O-O 11.b3 Qc7 12.Bb2 Rfe8 13.Nh4 Nf8 14.Nf5 Rad8 15.a3 b5
16.g4 Bg6 17.Nf3 Bxf5 18.gxf5 Nh5 19.a4 a6 20.axb5 axb5 21.Ra6 f6 22.Kh2 Nd7
23.Bc1 Ra8 24.Rxa8 Rxa8 25.Be3 Nf4 26.Qd2 Bf8 27.Ne1 Nc5 28.Bf3 Rd8 29.Qc3 Rd4
30.Bxf4 Nxe4 31.Bxe4 Rxe4 32.Be3 Qc8 33.Qd3 Rh4 34.f3 g6 35.Ng2 Rh5 36.Rd1 Rxf5
37.Qd8 Qxd8 38.Rxd8 Kf7 39.Kg3 Be7 40.Rc8 c5 41.Nh4 Rh5 42.Bxc5  1-0

[Event "WJun Girls"]
[Site "Instanbul TUR"]
[Date "2005.11.19"]
[Round "10"]
[White "Gregorova,Z"]
[Black "Mezioud,A"]
[Result "0-1"]
[WhiteElo "2183"]
[BlackElo "1978"]

1.Nf3 d5 2.g3 Nf6 3.Bg2 c5 4.d3 e6 5.Nbd2 Be7 6.O-O O-O 7.e4 Nc6 8.Re1 Re8
9.e5 Nd7 10.Nf1 Nf8 11.h4 f6 12.exf6 Bxf6 13.Ne3 Kh8 14.Ng4 e5 15.Ng5 Be6
16.c3 Bg8 17.Qf3 Nd7 18.Qf5 Ne7 19.Qf3 Nc6 20.Bd2 Rf8 21.Qe2 Qc7 22.Ne3 Nb6
23.Ng4 Nd7 24.Rad1 Rae8 25.Bc1 Re7 26.Qc2 h6 27.Nh3 Qc8 28.f4 Nb6 29.Nxf6 Rxf6
30.Rf1 Bh7 31.Rde1 c4 32.fxe5 Rxf1+ 33.Bxf1 cxd3 34.Qf2 Rxe5 35.Rxe5 Nxe5
36.Nf4 Qg4 37.Kh1 Be4+ 38.Bg2 Qd1+ 39.Qg1 Bxg2+ 40.Nxg2 Qxg1+ 41.Kxg1 Nf3+
42.Kf2 d2 43.Bxd2 Nxd2 44.Ke2 Ne4 45.Kf3 Kg8 46.Nf4 Kf7  0-1

[Event "2nd Bundesliga Ost 2005-6"]
[Site "Austria AUT"]
[Date "2005.11.20"]
[Round "4"]
[White "Vokroj,R"]
[Black "Lipka,J"]
[Result "0-1"]
[WhiteElo "2303"]
[BlackElo "2395"]

1.Nf3 d5 2.g3 c6 3.Bg2 Bg4 4.b3 Nd7 5.Bb2 Ngf6 6.d3 e6 7.Nbd2 Be7 8.h3 Bh5
9.e4 O-O 10.e5 Ne8 11.Qe2 Nc7 12.g4 Bg6 13.h4 f5 14.h5 Be8 15.Bh3 f4 16.O-O-O a5
17.a3 c5 18.a4 Nb8 19.c4 Nc6 20.Nb1 Nb4 21.Nc3 Bc6 22.Rhg1 Qe8 23.Nb5 Bxb5
24.cxb5 d4 25.Qe4 Ncd5 26.g5 Na2+ 27.Kd2 Qd7 28.Ra1 Nac3 29.Qe1 Ne3 30.Kc1 Ned5
31.Qd2 Nb4 32.Bxc3 dxc3 33.Qxc3 Nxd3+ 34.Kc2 Nxf2 35.Bf1 c4 36.Bxc4 Bc5 37.Rge1 Rfd8
38.Re2 Ng4 39.Rd2 Qe7 40.Rad1 Ne3+ 41.Kc1 Ba3+  0-1

[Event "18th Belgrade Trophy"]
[Site "Obrenovac SCG"]
[Date "2005.11.22"]
[Round "1"]
[White "Martinovic,Sl"]
[Black "Jevtic,Mir"]
[Result "1/2-1/2"]
[WhiteElo "2448"]
[BlackElo "2135"]

1.Nf3 d5 2.g3 g6 3.Bg2 Bg7 4.d4 Nf6 5.O-O O-O 6.c4 c6 7.Nbd2 Ne4 8.e3 Nxd2
9.Bxd2 dxc4 10.Qe2 Nd7 11.Qxc4 e5 12.Bc3 exd4 13.Bxd4 Bxd4 14.Nxd4 Ne5 15.Qc3 Qf6
16.f4 Ng4 17.e4 c5 18.Qxc5 Ne3 19.e5 Qa6 20.Ne6 Bxe6 21.Qxe3 Rfd8 22.a3 Rd3
23.Bxb7 Qb5 24.Qxd3 Qxd3 25.Bxa8 h5 26.Rf2 h4 27.gxh4 Kg7 28.Bg2 Kh6 29.h3 Bxh3
30.Bxh3 Qxh3 31.Raf1 Kg7 32.Rh2 Qe3+ 33.Kh1 Kh6 34.Rhf2 Qh3+ 35.Kg1 Qe3 36.Kg2 Kh5
37.Rf3 Qe4 38.Kg3 Qf5 39.Kg2 Qe4 40.Kg3 Qf5 41.Kh2 Qe4 42.b4 Kxh4 43.R1f2 Kg4
44.Rg3+ Kh5 45.Rh3+ Kg4 46.b5 Kf5 47.Rg3 Qd4 48.Rgf3 Qd5 49.a4 Qc4 50.Rg3 Qxa4
51.Rg5+ Ke6 52.Kg3 Qb3+ 53.Rf3 Qb1 54.Kh2 Qc2+ 55.Rg2 Qe4 56.Rgg3 Qe2+ 57.Kh3 Qxb5
58.Rd3 a5 59.Kg4 a4 60.Kg5 Qb1 61.Kh6 Kf5 62.Rdf3 Ke4 63.Kg7 Qa2 64.Ra3 Qc4
65.Rgc3 Qb5 66.Kxf7 Qd7+ 67.Kf6 Qd8+ 68.Kxg6 Qb6+ 69.Kg5 Qd8+ 70.Kg6 Qb6+
71.Kf7 Kf5  1/2-1/2

[Event "18th Belgrade Trophy"]
[Site "Obrenovac SCG"]
[Date "2005.11.25"]
[Round "4"]
[White "Ilic,Z3"]
[Black "Trisic,D"]
[Result "1-0"]
[WhiteElo "2290"]
[BlackElo "2102"]

1.Nf3 d5 2.g3 c6 3.Bg2 Bg4 4.c4 e6 5.O-O Nd7 6.d3 Bd6 7.Nbd2 Ngf6 8.h3 Bh5
9.b3 O-O 10.Bb2 a5 11.a3 Qe7 12.Qc2 Rfc8 13.Rfc1 h6 14.e4 Bg6 15.e5 dxc4
16.Nxc4 Bc7 17.exf6 gxf6 18.Ne3 Rd8 19.Bf1 Bb6 20.Qc3 e5 21.Nh4 Bh7 22.b4 f5
23.Nhxf5 Qg5 24.h4 Qf6 25.Bh3 Kh8 26.d4 Bxf5 27.Nxf5 exd4 28.Nxd4 Ne5 29.Nf5 Re8
30.Re1 axb4 31.Qxe5  1-0

[Event "18th Belgrade Trophy"]
[Site "Obrenovac SCG"]
[Date "2005.11.25"]
[Round "4"]
[White "Arsovic,Z"]
[Black "Kahrovic,M"]
[Result "1-0"]
[WhiteElo "2419"]
[BlackElo "2223"]

1.Nf3 d5 2.g3 Nf6 3.Bg2 Nbd7 4.c4 e6 5.Qc2 Be7 6.O-O O-O 7.d4 c6 8.b3 Re8
9.Nc3 Nf8 10.Rd1 Ng6 11.Bb2 Qa5 12.a3 Bd7 13.h3 Rac8 14.c5 Qc7 15.e4 dxe4
16.Nxe4 Red8 17.Ned2 Be8 18.Nc4 Nd5 19.b4 Bf8 20.Re1 Be7 21.Rad1 b5 22.Na5 Bf6
23.Nb3 Ra8 24.Ne5 Nf8 25.Qe2 g6 26.Rd3 Bg7 27.Rdd1 f6 28.Ng4 Bf7 29.Na5 Re8
30.Qd2 g5 31.Re2 Ng6 32.Rde1 h5 33.Ne3 h4 34.Nf1 Rad8 35.Be4 hxg3 36.fxg3 Nde7
37.Qc2 f5 38.Bg2 Nd5 39.Nb3 Bf6 40.Rf2 Kg7 41.Qd3 Rh8 42.Ne3 Nge7 43.Nxd5 Nxd5
44.Nd2 a5 45.bxa5 Qxa5 46.Nf3 Qc7 47.Ne5 Rh6 48.Qb3 Bg8 49.Qf3 Bf7 50.Rfe2 Bxe5
51.Rxe5 Kg8 52.Qf2 Ra8 53.Qd2 Rg6 54.Qd3 Qd7 55.Bf3 Rg7 56.Qe2 Rh7 57.Kg2 Kh8
58.Bc1 Rg8 59.Rxe6 Bxe6 60.Qxe6 Qxe6 61.Rxe6 Ne7 62.d5 Rg6 63.d6 Rxe6 64.d7 Kg7
65.d8=Q Kf7 66.Bxg5 Ng6 67.Qd7+ Ne7 68.Bxc6 Rg7 69.Bd5  1-0

[Event "IV I Subasic Mem"]
[Site "Zenica BIH"]
[Date "2005.11.25"]
[Round "8"]
[White "Drasko,M"]
[Black "Muratovic,En"]
[Result "1-0"]
[WhiteElo "2528"]
[BlackElo "2248"]

1.Nf3 d5 2.g3 c6 3.Bg2 Bg4 4.O-O Nd7 5.d3 Ngf6 6.c4 Bxf3 7.Bxf3 dxc4 8.dxc4 Ne5
9.Nd2 Nxf3+ 10.Nxf3 Qxd1 11.Rxd1 g6 12.Be3 Ng4 13.Bc5 b6 14.Bd4 f6 15.Bc3 e5
16.b4 Rg8 17.a4 Rd8 18.Rxd8+ Kxd8 19.a5 bxa5 20.Rxa5 Rg7 21.Ra6 Rb7 22.h3 Nh6
23.Rxc6 Rb6 24.Rxb6 axb6 25.Nd2 Kd7 26.e3 Ke6 27.Kf1 Nf7 28.Ke2 Nd8 29.Kd3 f5
30.e4 Nc6 31.b5 Nd8 32.Nb3 Nb7 33.f3 Bc5 34.Bd2 Bf2 35.exf5+ gxf5 36.g4 Nd6
37.gxf5+ Kxf5 38.Bh6 Ke6 39.Nd2 Bh4 40.Be3 Bd8 41.Ne4 Nf7 42.Nc3 Nd6 43.Bf2 Kf5
44.Nd5 Nc8 45.c5 bxc5 46.Bxc5 Ke6 47.b6 Bxb6 48.Nxb6 Na7 49.Ke4 Nb5 50.Nd5 h6
51.Bf8 h5 52.Bc5 h4 53.Bb4 Nd4 54.f4 Ne2 55.f5+ Kf7 56.Bc5 Nc1 57.Bf2 Nb3
58.Be3 Na5 59.Kxe5 Nc4+ 60.Kf4 Nb2 61.Ke4 Nc4 62.Bf2 Nd6+ 63.Kf4 Kg7 64.Bxh4 Kf7
65.Bf2 Kg7 66.Bc5 Nf7 67.Be7 Kh6 68.Nf6 Kg7 69.Ng4 Kh7 70.Ne5 Nh6 71.Bg5  1-0

[Event "TCh-NED 2005-6"]
[Site "Netherlands NED"]
[Date "2005.11.26"]
[Round "4"]
[White "Vogel,Ja"]
[Black "Van der Werf,M"]
[Result "0-1"]
[WhiteElo "2261"]
[BlackElo "2401"]

1.Nf3 d5 2.g3 c6 3.Bg2 Bg4 4.b3 Nd7 5.Bb2 Ngf6 6.c4 e6 7.O-O a5 8.Nc3 Bd6
9.d4 Qb8 10.Rc1 O-O 11.Na4 Bh5 12.cxd5 exd5 13.Nc5 Re8 14.Re1 Qa7 15.Nd3 Ne4
16.a4 Qb6 17.Nf4 Bxf3 18.exf3 Bxf4 19.gxf4 Nef6 20.Re3 Nh5 21.Qd2 Rxe3 22.fxe3 Qxb3
23.Bc3 Nb6 24.Bf1 Nc4 25.Bxc4 Qxc4 26.Rb1 Qa6 27.Kf2 b5 28.axb5 cxb5 29.Ra1 a4
30.Qd3 Nf6 31.Rb1 Rb8 32.Bb4 Nd7 33.Rc1 g6 34.Rc7 Qe6 35.e4 dxe4 36.fxe4 Nf6
37.d5 Qb6+ 38.Rc5 Nd7 39.Qd4 Nxc5 40.Bxc5 Qc7 41.Kg3 Rc8 42.Bb6 Qd6 43.Ba5 Rc4
44.Qd3 Qc5  0-1

[Event "18th Belgrade Trophy"]
[Site "Obrenovac SCG"]
[Date "2005.11.26"]
[Round "5"]
[White "Vukanovic,S"]
[Black "Kosic,D"]
[Result "0-1"]
[WhiteElo "2353"]
[BlackElo "2489"]

1.Nf3 d5 2.g3 c5 3.Bg2 Nc6 4.d4 e6 5.O-O Qb6 6.dxc5 Bxc5 7.Nbd2 Nf6 8.Nb3 Be7
9.Be3 Qc7 10.Rc1 e5 11.Bg5 Be6 12.Nfd2 Rd8 13.e3 h6 14.Bxf6 Bxf6 15.Qe2 O-O
16.c4 d4 17.Ne4 Be7 18.Nec5 Bc8 19.exd4 Nxd4 20.Nxd4 Rxd4 21.Ne4 Rfd8 22.b3 Bb4
23.Qh5 b6 24.Nc3 Bxc3 25.Rxc3 Bg4  0-1

[Event "18th Belgrade Trophy"]
[Site "Obrenovac SCG"]
[Date "2005.11.26"]
[Round "5"]
[White "Rusev,K"]
[Black "Peric,Sl"]
[Result "1/2-1/2"]
[WhiteElo "2434"]
[BlackElo "2308"]

1.Nf3 d5 2.g3 Bg4 3.Bg2 Nd7 4.c4 dxc4 5.Qa4 c6 6.Qxc4 Ngf6 7.d4 Bxf3 8.Bxf3 e5
9.Qb3 Qb6 10.dxe5 Qxb3 11.axb3 Nxe5 12.Bg2 Bb4+ 13.Nc3 Ned7 14.Kd1 O-O 15.h3 Rfe8
16.e3 Bxc3 17.bxc3 Ne4 18.Bxe4 Rxe4 19.Ke2 Kf8 20.Rd1 Ke8 21.Ra5 a6 22.Ba3 b6
23.Rg5 g6 24.Rg4 Nf6 25.Rxe4+ Nxe4 26.Bb2 Rd8 27.Rxd8+ Kxd8 28.c4 a5 29.Bd4 Kc7
30.g4 b5 31.h4 Kd6 32.Bg7 Ke6 33.Bd4 Kd6 34.Bg7  1/2-1/2

[Event "Stone Flower"]
[Site "Nishnij Tagil RUS"]
[Date "2005.12.07"]
[Round "2"]
[White "Ovechkin,I"]
[Black "Geller,J"]
[Result "1-0"]
[WhiteElo "2357"]
[BlackElo "2490"]

1.Nf3 d5 2.g3 Nf6 3.Bg2 e6 4.O-O Be7 5.d4 O-O 6.c4 c6 7.Nc3 Nbd7 8.b3 b6
9.Qc2 Ba6 10.Rd1 Rc8 11.e4 dxc4 12.bxc4 Bxc4 13.e5 Ne8 14.Ne4 Bd5 15.Neg5 g6
16.h4 c5 17.Qe2 Ng7 18.dxc5 Rxc5 19.Ne4 Rc7 20.Bg5 Nf5 21.Bf4 Bxe4 22.Qxe4 Nc5
23.Qe2 Rd7 24.g4 Nd4 25.Nxd4 Rxd4 26.Bh6 Bxh4 27.Rxd4 Qxd4 28.Rd1 Qa4 29.g5 Re8
30.Rd6 Qf4 31.Qd2 Bxf2+ 32.Qxf2 Qxe5 33.Qf6 Qxf6 34.gxf6 e5 35.Bc6 Rc8 36.Bd5 b5
37.Be3 h5 38.Bxc5 Rxc5 39.Rd8+ Kh7 40.Bxf7 Rc1+ 41.Kf2 Rc2+ 42.Ke3 Rc3+ 43.Ke4  1-0

[Event "IX Mirko Srajber mem"]
[Site "Subotica SCG"]
[Date "2005.12.08"]
[Round "9"]
[White "Bogosavljevic,B"]
[Black "Lupulescu,C"]
[Result "0-1"]
[WhiteElo "2325"]
[BlackElo "2528"]

1.Nf3 d5 2.g3 Nf6 3.Bg2 g6 4.O-O Bg7 5.d3 O-O 6.c3 c5 7.Bf4 Nc6 8.Ne5 Na5
9.a3 Nh5 10.b4 Nxf4 11.gxf4 Nc6 12.Nxc6 bxc6 13.bxc5 e5 14.fxe5 Bxe5 15.e3 Re8
16.Qa4 Bd7 17.Ra2 Bc7 18.Nd2 Qe7 19.Nf3 Qxc5 20.Qb4 Qd6 21.Qxd6 Bxd6 22.c4 Rec8
23.cxd5 cxd5 24.Nd4 Rc5 25.a4 Rac8 26.Nb5 Bb8 27.d4 Rc1 28.Bxd5 Bh3 29.Bg2 Rxf1+  0-1

[Event "13th Salona"]
[Site "Solin CRO"]
[Date "2005.12.10"]
[Round "2"]
[White "Cvorovic,D"]
[Black "Jovanic,O"]
[Result "0-1"]
[WhiteElo "2446"]
[BlackElo "2469"]

1.Nf3 d5 2.g3 Nf6 3.Bg2 c6 4.O-O Bg4 5.d3 e6 6.c4 Nbd7 7.Nc3 Bc5 8.Qb3 Qb6
9.Qc2 Qa6 10.b3 Rc8 11.Rb1 Be7 12.Re1 b5 13.Nd2 Nb6 14.Nd1 bxc4 15.bxc4 O-O
16.Bf1 dxc4 17.dxc4 Rfd8 18.e4 Qa5 19.Qc3 Qh5 20.Ne3 Bc5 21.Bg2 Bd4 22.Qa3 Nbd7
23.Rb7 Ne5 24.f4 Nf3+ 25.Nxf3 Bxf3 26.e5 Ne4 27.Qe7 Bxg2 28.Kxg2 Bc5 29.Qh4 Qxh4
30.gxh4 Bb6 31.f5 Nc5 32.Re7 Nd3 33.Rf1 Nxc1 34.fxe6 Bxe3 35.exf7+ Kf8 36.Rb7 Nd3
37.e6 Bc5 38.h5 Be7 39.h6 g5  0-1

[Event "12th Open"]
[Site "Zadar CRO"]
[Date "2005.12.14"]
[Round "4"]
[White "Ljubicic,F"]
[Black "Fercec,N"]
[Result "1/2-1/2"]
[WhiteElo "2400"]
[BlackElo "2512"]

1.Nf3 d5 2.g3 Nc6 3.Bg2 e5 4.d3 f6 5.c3 Be6 6.Qb3 b6 7.O-O Qd7 8.c4 Nge7
9.cxd5 Nxd5 10.Qa4 Bd6 11.Nc3 Nxc3 12.bxc3 Ne7 13.Qc2 O-O-O 14.d4 exd4 15.Nxd4 Bd5
16.e4 Bb7 17.a4 Nc6 18.Rd1 Nxd4 19.cxd4 a5 20.Be3 h5 21.h3 Kb8 22.d5 f5 23.exf5 Rhf8
24.Rab1 Qxf5 25.Qc4 Rde8 26.Qd3 Qf7 27.h4 g5 28.hxg5 h4 29.gxh4  1/2-1/2

[Event "1st ch-BIH"]
[Site "Brcko BIH"]
[Date "2005.12.17"]
[Round "2"]
[White "Vukic,M"]
[Black "Stojanovic,Da"]
[Result "1/2-1/2"]
[WhiteElo "2467"]
[BlackElo "2459"]

1.Nf3 d5 2.g3 c5 3.Bg2 Nc6 4.c4 d4 5.d3 e5 6.O-O Nf6 7.e3 Be7 8.exd4 exd4
9.Re1 O-O 10.Ne5 Nxe5 11.Rxe5 Bd6 12.Re1 Bg4 13.Qb3 Re8 14.Bd2 Rxe1+ 15.Bxe1 Qe7  1/2-1/2

[Event "5th Amplico AIG Life"]
[Site "Warsaw POL"]
[Date "2005.12.17"]
[Round "4"]
[White "Gajewski,G"]
[Black "Kolosowski,M"]
[Result "1/2-1/2"]
[WhiteElo "2461"]
[BlackElo "2105"]

1.Nf3 d5 2.g3 Nc6 3.Bg2 e5 4.O-O Nf6 5.c4 Be7 6.cxd5 Nxd5 7.Nc3 Be6 8.d4 exd4
9.Nxd4 Nxc3 10.bxc3 Nxd4 11.cxd4 c6 12.e4 O-O 13.Bb2 Qb6 14.Bc3 Rad8 15.Rb1 Qc7
16.Rb2 Bf6 17.Rd2 c5 18.e5 cxd4 19.Bxd4 Be7 20.Qb1 Bc5 21.Rc1 b6 22.Be4 g6
23.Qc2 Qd7 24.Be3 Qe7 25.Rxd8 Rxd8 26.Bxc5 bxc5 27.Qxc5 Bxa2 28.Ba8 Be6 29.f4 Kg7
30.Kf2 f6 31.Ke3 fxe5 32.fxe5 Kf7 33.Kf4 h6 34.Ke4 g5 35.Bd5  1/2-1/2

[Event "12th Open"]
[Site "Zadar CRO"]
[Date "2005.12.17"]
[Round "8"]
[White "Cvitan,O"]
[Black "Drasko,M"]
[Result "1/2-1/2"]
[WhiteElo "2527"]
[BlackElo "2528"]

1.Nf3 d5 2.g3 c6 3.Bg2 Bg4 4.O-O Nd7 5.d4 Ngf6 6.Nbd2 e6 7.Re1 Be7 8.e4 O-O
9.c3 Bh5 10.Qb3 Rb8 11.exd5  1/2-1/2

[Event "13th Salona"]
[Site "Solin CRO"]
[Date "2005.12.18"]
[Round "11"]
[White "Saric,A"]
[Black "Jovanic,O"]
[Result "1-0"]
[WhiteElo "2437"]
[BlackElo "2469"]

1.Nf3 d5 2.g3 c6 3.Bg2 Bg4 4.d4 e6 5.O-O Be7 6.Nbd2 Nf6 7.Re1 O-O 8.e4 Bh5
9.c3 Bg6 10.exd5 cxd5 11.Ne5 Nc6 12.Nxg6 hxg6 13.Nb3 Rc8 14.Bf1 Na5 15.Nxa5 Qxa5
16.a4 a6 17.Bg5 Rfe8 18.Bd3 Qc7 19.h4 Rb8 20.a5 Nh5 21.Qf3 Rbd8 22.g4 Nf6
23.Kg2 Nh7 24.Bf4 Bd6 25.Bxd6 Qxd6 26.h5 Nf8 27.hxg6 fxg6 28.Re5 Re7 29.Rh1 Rf7
30.Qe3 Rf6 31.g5 Rf7 32.Qh3 Re7 33.Qh8+ Kf7 34.Rh3 Ke8 35.Rf3  1-0

[Event "5th Amplico AIG Life Gp2"]
[Site "Warsaw POL"]
[Date "2005.12.18"]
[Round "2"]
[White "Markowski,T"]
[Black "Wojtaszek,R"]
[Result "0-1"]
[WhiteElo "2582"]
[BlackElo "2606"]

1.g3 d5 2.Nf3 Nc6 3.c4 d4 4.Bg2 e5 5.O-O e4 6.Ne1 h5 7.d3 h4 8.dxe4 Be6 9.Nd2 Qd7
10.Nd3 hxg3 11.hxg3 Bh3 12.Bf3 Bxf1 13.Nxf1 Nf6 14.Bd2 Ng4 15.Bg2 Nge5 16.Qa4 Nxd3
17.exd3 Ne5 18.Qb3 O-O-O 19.f4 Ng4 20.e5 c6 21.Qa4 Kb8 22.b4 f6 23.Re1 Re8
24.b5 cxb5 25.cxb5 fxe5 26.fxe5 Nxe5 27.Bf4 Bd6 28.Qxd4 Bc7 29.Qe4 Qxb5 30.Rc1 Nc6
31.Bxc7+ Kxc7 32.Qf4+ Qe5 33.Qa4 Rh6 34.d4 Qg5 35.Rc5 Qg4 36.Rc4 Re2 37.Bxc6 Rxc6
38.Rxc6+ bxc6 39.Qxa7+ Kd6 40.Qc5+ Kd7 41.d5 cxd5 42.Qxd5+ Ke7 43.a4 Qe4
44.Qxe4+ Rxe4 45.Kf2 Rxa4 46.Ne3 Ke6 47.Kf3 Ke5 48.Ng4+ Kf5 49.Ne3+ Kg5 50.Ng2 Ra8
51.Ne3 Rf8+ 52.Kg2 Kf6 53.Kf3 Ke5+ 54.Kg4 Rf6 55.Ng2 Rg6+ 56.Kf3 Ra6 57.Kg4 Ra4+
58.Kg5 Ke6 59.Nf4+ Kf7 60.Kf5 Ra5+ 61.Kg4 Kf6 62.Nh5+ Kg6 63.Nf4+ Kf7 64.Nh3 Kf6
65.Nf4 Ra4 66.Kh3 Kf5 67.Ng2 Ra3 68.Nh4+ Kg5 69.Ng2 Rb3 70.Nh4 Kh5 71.Nf5 g6
72.Ng7+ Kg5 73.Ne6+ Kf6 74.Nd4 Rd3 75.Ne2 Kf5 76.Nf4 Rf3 77.Ne2 Rf2 78.Nd4+ Ke4
79.Ne6 Kf5 80.Nd4+ Ke5 81.Nc6+ Kd6 82.Nd4 Kd5 83.Nb5 Rc2 84.Kh4 Rc5  0-1

[Event "5th Amplico AIG Life"]
[Site "Warsaw POL"]
[Date "2005.12.18"]
[Round "13"]
[White "Stryjecki,M"]
[Black "Sulskis,S"]
[Result "1/2-1/2"]
[WhiteElo "2420"]
[BlackElo "2504"]

1.g3 d5 2.Nf3 Bg4 3.Bg2 c6 4.O-O Nd7 5.d3 e5 6.c4 dxc4 7.dxc4 Ngf6 8.Nc3 Bc5
9.Qc2 O-O 10.Nd1 a5 11.Ne3 Re8 12.h3 Qc7 13.Nf5 Nf8 14.e3 Ne6 15.N5h4 g6
16.b3 Rad8 17.Bb2 Bf8 18.Rad1 Bg7 19.Kh2 Nc5 20.Qc3 Ne6 21.Rde1 c5 22.Qd3 Nd4
23.Qe4 Kf8  1/2-1/2

[Event "XVIII Carlos Torre Mem KO"]
[Site "Merida MEX"]
[Date "2005.12.20"]
[Round "2.6"]
[White "Bruzon,L"]
[Black "Akobian,V"]
[Result "1-0"]
[WhiteElo "2677"]
[BlackElo "2600"]

1.Nf3 d5 2.g3 c6 3.Bg2 Bg4 4.O-O Nd7 5.d4 e6 6.Nbd2 Ngf6 7.Re1 Be7 8.e4 dxe4
9.Nxe4 Nxe4 10.Rxe4 Nf6 11.Re1 O-O 12.c3 Nd5 13.Qb3 Bxf3 14.Bxf3 Qb6 15.Qc2 Bf6
16.Kg2 Rfd8 17.h4 Rac8 18.Be4 h6 19.Qe2 c5 20.dxc5 Qxc5 21.Qg4 h5 22.Qf3 g6
23.Bh6 Bg7 24.Bg5 Rd7 25.Rad1 b5 26.Rd3 b4 27.cxb4 Qxb4 28.Re2 Nb6 29.b3 Qb5
30.Red2 Rxd3 31.Rxd3 a5 32.a4 Qe8 33.Bd2 Qe7 34.Bxa5 Nd7 35.Bb4 Qe8 36.Bc6 Rc7
37.Bb5 Qc8 38.Qd1 Nf8 39.Rd8 Qb7+ 40.Kh2 Qe4 41.Bd6 Rc2 42.Kg1 Rb2 43.Bf4 Rb1
44.Bc1 Kh7 45.Bd3 Rxc1 46.Qxc1 Qb7 47.Qc4 Nd7 48.Qb5 Qf3 49.Qxd7 e5 50.Bc4 e4
51.Qxf7  1-0

[Event "Masters"]
[Site "Berkeley USA"]
[Date "2005.12.21"]
[Round "7"]
[White "Mezentsev,V"]
[Black "Pruess,D"]
[Result "0-1"]
[WhiteElo "2409"]
[BlackElo "2400"]

1.Nf3 d5 2.g3 Nf6 3.Bg2 Bg4 4.h3 Bh5 5.c4 c6 6.Ne5 Nbd7 7.d4 e6 8.Nc3 Nxe5
9.dxe5 Nd7 10.cxd5 cxd5 11.O-O Nxe5 12.f4 Bc5+ 13.Kh1 Nd7 14.f5 O-O 15.Qe1 exf5
16.Rxf5 Bg6 17.Rxd5 Qe7 18.Bf4 Rfd8 19.Rad1 Nf6 20.Re5 Qf8 21.Bxb7 Rxd1 22.Qxd1 Rd8
23.Qa4 Nh5 24.Rd5 Nxf4 25.Rxd8 Qxd8 26.Qxf4 Qb6 27.Qf3 Qxb2 28.Kh2 h6 29.Bd5 Bd4
30.Bxf7+ Bxf7 31.Qa8+ Kh7 32.Qe4+ Kg8 33.Qxd4 a6 34.a4 Bg6 35.Kg2 Kh7 36.Kf2 Qa1
37.Qe5 Qh1 38.h4 Qh2+ 39.Ke1 Qg1+ 40.Kd2 Qa1 41.a5 Qb2+ 42.Ke1 Qa1+ 43.Kf2 Qb2
44.g4 Qa1 45.h5 Bc2 46.Qc5 Qh1 47.Qd4 Qh4+ 48.Ke3 Qg5+ 49.Kf2 Qxa5 50.Nd5 Qd8
51.Qc4 Bb1 52.Ke1 Qh4+ 53.Kd2 Bf5 54.Ne3 Qd8+ 55.Ke1 Bc8 56.Qe4+ Kh8 57.Ng2 Qa5+
58.Kf2 Qb6+ 59.e3 Qe6 60.Qd3 Qxg4 61.Nf4 Qh4+ 62.Ke2 Bg4+ 63.Kd2 Bxh5 64.Qd5 Qf2+
65.Kd3 Qf1+ 66.Kc2 Be8 67.Qc5 Qb5 68.Qe7 Qd7 69.Qe5 Bf7 70.e4 Qc6+ 71.Kd2 Qf6
72.Qb8+ Kh7 73.Nd3 Qd4  0-1